000 00356nam a2200133Ia 4500
008 231129s9999||||xx |||||||||||||| ||spa||
020 _a978-84-254-3368-9
040 _bspa
082 _a895.75 H233e
100 _aHan Byung-Chul
245 0 _aEn el enjambre
264 _aBarcelona EspaƱa : Herder
942 _2ddc
_cBKS
999 _c12861
_d12861